Entry Personal Name
Number of records used in: 1
001 - CONTROL NUMBER
003 - CONTROL NUMBER IDENTIFIER
005 - DATE AND TIME OF LATEST TRANSACTION
- control field:
20250904150409.0
008 - FIXED-LENGTH DATA ELEMENTS
- fixed length control field:
250904|| aca||aabn | a|a d
040 ## - CATALOGING SOURCE
- Original cataloging agency:
JRU
- Transcribing agency:
JRU
100 ## - HEADING--PERSONAL NAME
- Personal name:
TIWARI, MEGHA
670 ## - SOURCE DATA FOUND
- Source citation:
Work cat.: (JRU)8793: TIWARI, MEGHA , A TEXTBOOK OF HOSPITAL AND CLINICAL PHARMACY:Exclusively prepared for D PHARM [2ND YEAR STUDENTS], 2025